000 00530nam a22001937a 4500
003 KOHA_MİRAKIL
005 20251030144732.0
008 251030b tu ||||| |||| 00| 0 tur d
020 _a9786050207712
040 _aTR-AnABB
_btur
_cTR-AnABB
041 _atur
082 _a940.54
_bWIR 2020
100 1 _aWires, Richard,
245 1 0 _aKod adı Çiçero /
_cRichard Wires
260 _aİstanbul :
_bSay Yayınları,
_c2020
300 _a376 sayfa ;
_c21 cm
650 0 4 _aİngiliz edebiyatı, roman
942 _2ddc
_cBK
999 _c9242
_d9242
900 _bGizem YORULMAZ